000
00228nam a22001097a 4500
999
_c
167026
_d
167026
082
_a
_b
100
_a
Shivani
245
_a
Bhairavee/
_c
by Shivani.
260
_a
New Delhi:
_b
Radhakrishna,
_c
2009.
650
_a
942
_c
BK